Problemas de la contrarrevolución y la democracia en Guatemala /

Uloženo v:
Podrobná bibliografie
Hlavní autor: Torres Rivas, Edelberto
Médium: Text
Tagy: Přidat tag
Žádné tagy, Buďte první, kdo vytvoří štítek k tomuto záznamu!

MARC

LEADER 00000 a a2200000 04500
001 7986
003
040
100 |a Torres Rivas, Edelberto  
245 |a Problemas de la contrarrevolución y la democracia en Guatemala /  |c Edelberto Torres Rivas 
773 |g número 38; páginas 127-142  
999 |c 39898  |d 39898